| 000 | 00553nam a22001817a 4500 | ||
|---|---|---|---|
| 003 | 0 | ||
| 005 | 20241010091733.0 | ||
| 008 | 241010b xxu||||| |||| 00| 0 eng d | ||
| 020 | _a9798891611887 | ||
| 050 |
_aTK 5105.5 _b.M33 2024 |
||
| 100 |
_aMcCormick, Blaze, _eauthor. |
||
| 245 |
_aComputer networks / _cBlaze McCormick. |
||
| 260 |
_aJersey City, USA : _bAlexis Press, LLC, _c2024. |
||
| 300 |
_aviii, 317 p. : _bcol. ill. ; _c24 cm. |
||
| 504 | _aIncludes bibliographical references and index. | ||
| 650 | _aComputer networks. | ||
| 942 |
_2lcc _cBK |
||
| 999 |
_c366486 _d366486 |
||